| 000 | 00771nam a22002655i 4500 | ||
|---|---|---|---|
| 001 | 11442 | ||
| 003 | ES-MaACL | ||
| 005 | 20230906150113.0 | ||
| 007 | t| | ||
| 008 | 930423s1992 sp ||||0| spa j | ||
| 020 | _a84-7100-469-0 | ||
| 040 |
_aM-BN _bspa _cM-BN |
||
| 080 | _a946.027 M | ||
| 100 | 1 |
_aTerán, Fernando de. _9109723 |
|
| 245 | 1 | 0 |
_aMadrid / _cFernando de Terán. |
| 260 |
_aMadrid : _bMapfre, _cD.L. 1992. |
||
| 300 |
_a358 p : _bil ; _c23 cm. |
||
| 490 | 1 |
_aColección Ciudades de Iberoamérica ; _v14 |
|
| 500 | _aIndices. | ||
| 504 | _aBibliografía: p. [349]-352. | ||
| 651 | 4 |
_aMadrid- _xHistoria. _98963 |
|
| 830 | 0 |
_aColección Ciudades de Iberoamérica ; _v14 _9179074 |
|
| 852 |
_aES-MaACL _jL-18767 _bR.124249 |
||
| 999 |
_c11442 _d11442 |
||